000 00473 a2200217 4500
260 _bFlammarion
245 _aCannibales et monarques : essai sur l'origine des cultures
300 _a267p.
260 _aParis
260 _c1979
130 _lfr.
100 _aHARRIS, Marvin
690 _aagriculture
690 _aprotéine
690 _aculture
690 _anature
690 _acivilisation
020 _a2-08-064193-X
999 _c20923
_d20923